000 01874nam0a2200301 4500
001 RU\NLR\bibl\1730525
005 20260406024422.0
010 _a978-5-86111-378-6
_9500
021 _aRU
_b2010-105700
_97140
035 _a(NLR Aleph) 001721478
090 _a1342547
_c1342547
100 _a20110202d2010 |||y0rusy50 ca
101 0 _arus
102 _aRU
105 _ay |||||||||
200 1 _aИстория русского романа XIX века
_eнеклассические формы
_eкурс лекций
_fВ.А. Недзвецкий
_gМ-во образования и науки Рос. Федерации, Гос. образоват. учреждение высш. проф. образования "Моск. гос. ун-т им. М.В. Ломоносова", Гос. образоват. учреждение высш. проф. образования "Стерлитамак. гос. пед. акад. им. Зайнаб Биишевой"
210 _aМосква
_cМосковский государственный унитверситет
_aСтерлитамак
_cРедакционно-издательский отдел Стерлитамакской государственной педагогической академии
_d2010
215 _a143 с.
_d20
300 _aВ вып. дан. авт.: Недзвецкий В.А., д. филол. н., проф.
320 _aБиблиогр.: с. 142
606 1 _aРоман русский
_jЛекции, доклады и т.п.
_z19 в.
_91265228
_3RU\NLR\auth\66519973
686 _aШ5(2=Р)5-334
700 1 _4070
_8rus
_7ca
_aНедзвецкий
_bВ. А.
_f1936-2014
_gВалентин Александрович
_3RU\NLR\AUTH\77125995
_9108919
801 0 _aRU
_bNLR
_c20110202
_gRCR
801 1 _aRU
_bNLR
_c20110202
942 _cBOOK
980 _aNB